000 00925nam a22002777a 4500
001 BR9702011
003 BR-BrBNA
005 20230928095426.0
007 ta
008 230509b bl.||||| |||| 00| 0 por d
040 _aBR-BrBNA
_bpor
_cBiblioteca Nacional de Agricultura
041 _a(Por)
072 _aP10
090 _ P10 BR9702011
100 1 _aLara, L. de B.L.S.
110 1 _aEscola Superior de Agricultura Luiz de Queiroz, Piracicaba, SP (Brasil)
_0Tese (Mestre em Ciencias)
245 1 _aDistribuicao de elementos traco e terras raras em sedimentos de fundo da bacia do Rio Verde, regiao de Pocos de Caldas
260 3 _aPiracicaba, SP (Brasil):
_c1996.
300 _a79 p.
500 _aBibliography p. 67-71; 11 tables; 18 illus.; Summaries (Eng, Por)
650 _aBacia Hidrografica
650 _aSedimentacao
650 _aMinas Gerais
909 _a202309
_bLucia
_c55
_dLucia Elande
942 _cBK
999 _c56490
_d56490